[Event "ODJM B 2025"]
[Site "Willingen GER"]
[Date "2025.06.08"]
[Round "1"]
[White "Classen, Miguel"]
[Black "Thoms, Eric"]
[Result "0-1"]
[Termination "normal"]
[Board "46"]
[WhiteElo "1574"]
[BlackElo "1716"]
[WhiteClock "00:27:13"]
[BlackClock "00:53:56"]
[PlyCount "76"]
[WhiteFideId "34623825"]
[BlackFideId "34623450"]
[EventCountry "GER"]
[EventRounds "9"]
[EventType "swiss"]
[EventDate "2025.06.07"]

1. e4 {[%clk 01:30:57]} {[%emt 00:00:02]} e5 {[%clk 01:30:48]} {[%emt
00:00:12]} 2. Nf3 {[%clk 01:31:07]} {[%emt 00:00:20]} Nc6 {[%clk 01:31:04]}
{[%emt 00:00:14]} 3. Bc4 {[%clk 01:31:29]} {[%emt 00:00:09]} Nf6 {[%clk
01:31:26]} {[%emt 00:00:08]} 4. Ng5 {[%clk 01:31:52]} {[%emt 00:00:06]} d5
{[%clk 01:31:48]} {[%emt 00:00:08]} 5. exd5 {[%clk 01:32:16]} {[%emt 00:00:07]}
Na5 {[%clk 01:32:10]} {[%emt 00:00:07]} 6. Bb5+ {[%clk 01:32:38]} {[%emt
00:00:08]} c6 {[%clk 01:32:33]} {[%emt 00:00:08]} 7. dxc6 {[%clk 01:33:02]}
{[%emt 00:00:05]} bxc6 {[%clk 01:32:56]} {[%emt 00:00:07]} 8. Qf3 {[%clk
01:33:18]} {[%emt 00:00:14]} Be7 {[%clk 01:32:39]} {[%emt 00:00:47]} 9. Bd3
{[%clk 01:31:54]} {[%emt 00:01:54]} O-O {[%clk 01:29:52]} {[%emt 00:03:17]} 10.
O-O {[%clk 01:31:39]} {[%emt 00:00:44]} h6 {[%clk 01:21:56]} {[%emt 00:08:26]}
11. Ne4 {[%clk 01:31:50]} {[%emt 00:00:19]} Nd5 {[%clk 01:22:09]} {[%emt
00:00:17]} 12. Nbc3 {[%clk 01:31:00]} {[%emt 00:01:20]} f5 {[%clk 01:20:25]}
{[%emt 00:02:14]} 13. Ng3 {[%clk 01:22:33]} {[%emt 00:08:57]} Nxc3 {[%clk
01:19:32]} {[%emt 00:01:23]} 14. dxc3 {[%clk 01:22:54]} {[%emt 00:00:10]} e4
{[%clk 01:19:54]} {[%emt 00:00:08]} 15. Nxe4 {[%clk 01:23:17]} {[%emt
00:00:07]} fxe4 {[%clk 01:20:18]} {[%emt 00:00:06]} 16. Qxe4 {[%clk 01:23:37]}
{[%emt 00:00:10]} Bf5 {[%clk 01:20:12]} {[%emt 00:00:36]} 17. Qe2 {[%clk
01:23:30]} {[%emt 00:00:37]} Bxd3 {[%clk 01:19:47]} {[%emt 00:00:56]} 18. cxd3
{[%clk 01:23:22]} {[%emt 00:00:38]} Qd7 {[%clk 01:19:32]} {[%emt 00:00:45]} 19.
Bd2 {[%clk 01:22:48]} {[%emt 00:01:03]} Nb7 {[%clk 01:19:44]} {[%emt 00:00:19]}
20. Rfe1 {[%clk 01:22:21]} {[%emt 00:00:57]} Rae8 {[%clk 01:19:33]} {[%emt
00:00:41]} 21. Be3 {[%clk 01:20:13]} {[%emt 00:02:38]} Nd6 {[%clk 01:17:54]}
{[%emt 00:02:09]} 22. Qc2 {[%clk 01:19:23]} {[%emt 00:01:20]} Nf5 {[%clk
01:16:15]} {[%emt 00:02:10]} 23. Bd2 {[%clk 01:18:41]} {[%emt 00:01:11]} Kh8
{[%clk 01:15:46]} {[%emt 00:00:59]} 24. d4 {[%clk 01:16:32]} {[%emt 00:02:40]}
c5 {[%clk 01:13:36]} {[%emt 00:02:41]} 25. dxc5 {[%clk 01:15:43]} {[%emt
00:01:18]} Bxc5 {[%clk 01:13:55]} {[%emt 00:00:11]} 26. Bf4 {[%clk 01:13:09]}
{[%emt 00:03:05]} Ne7 {[%clk 01:08:00]} {[%emt 00:06:25]} 27. Rad1 {[%clk
01:04:57]} {[%emt 00:08:41]} Nd5 {[%clk 01:08:21]} {[%emt 00:00:09]} 28. Bg3
{[%clk 00:52:04]} {[%emt 00:13:24]} Rxe1+ {[%clk 01:06:30]} {[%emt 00:02:21]}
29. Rxe1 {[%clk 00:52:23]} {[%emt 00:00:12]} Qf7 {[%clk 01:06:37]} {[%emt
00:00:23]} 30. Re5 {[%clk 00:49:30]} {[%emt 00:03:22]} Bb6 {[%clk 01:00:54]}
{[%emt 00:06:14]} 31. Qd2 {[%clk 00:45:00]} {[%emt 00:05:00]} Rd8 {[%clk
01:00:50]} {[%emt 00:00:34]} 32. Qe2 {[%clk 00:41:08]} {[%emt 00:04:20]} Nf6
{[%clk 00:56:37]} {[%emt 00:04:45]} 33. b3 {[%clk 00:35:56]} {[%emt 00:05:42]}
Qg6 {[%clk 00:54:36]} {[%emt 00:02:30]} 34. h3 {[%clk 00:35:23]} {[%emt
00:01:04]} Qxg3 {[%clk 00:54:35]} {[%emt 00:00:32]} 35. Re6 {[%clk 00:30:50]}
{[%emt 00:05:02]} Bxf2+ {[%clk 00:54:12]} {[%emt 00:00:52]} 36. Kf1 {[%clk
00:30:05]} {[%emt 00:01:15]} Bc5 {[%clk 00:54:26]} {[%emt 00:00:16]} 37. Qf3
{[%clk 00:27:09]} {[%emt 00:03:26]} Rd1+ {[%clk 00:54:07]} {[%emt 00:00:49]}
38. Ke2 {[%clk 00:27:13]} {[%emt 00:00:22]} Qe1# {[%clk 00:53:56]} {[%emt
00:00:12]} 0-1

[Event "ODJM B 2025"]
[Site "Willingen GER"]
[Date "2025.06.08"]
[Round "1"]
[White "Tryk, Paul-Luca"]
[Black "Wang, Enya Marie"]
[Result "0-1"]
[Termination "normal"]
[Board "48"]
[WhiteElo "1741"]
[BlackElo "1649"]
[WhiteClock "00:40:28"]
[BlackClock "00:06:41"]
[PlyCount "90"]
[WhiteFideId "34698515"]
[BlackFideId "34660330"]
[EventCountry "GER"]
[EventRounds "9"]
[EventType "swiss"]
[EventDate "2025.06.07"]

1. e4 {[%clk 01:30:56]} {[%emt 00:00:03]} e5 {[%clk 01:30:56]} {[%emt
00:00:04]} 2. Ne2 {[%clk 01:30:58]} {[%emt 00:00:29]} Nf6 {[%clk 01:30:10]}
{[%emt 00:01:17]} 3. d4 {[%clk 01:31:13]} {[%emt 00:00:14]} d6 {[%clk
01:24:01]} {[%emt 00:06:39]} 4. Nbc3 {[%clk 01:29:23]} {[%emt 00:02:21]} Nbd7
{[%clk 01:21:55]} {[%emt 00:02:35]} 5. g3 {[%clk 01:26:39]} {[%emt 00:03:14]}
exd4 {[%clk 01:19:07]} {[%emt 00:03:18]} 6. Nxd4 {[%clk 01:23:29]} {[%emt
00:03:40]} Ne5 {[%clk 01:17:30]} {[%emt 00:02:06]} 7. Bg2 {[%clk 01:17:10]}
{[%emt 00:06:49]} b6 {[%clk 01:12:16]} {[%emt 00:05:45]} 8. f4 {[%clk
01:16:11]} {[%emt 00:01:29]} c5 {[%clk 01:02:31]} {[%emt 00:10:14]} 9. Nde2
{[%clk 01:09:03]} {[%emt 00:07:39]} Nfd7 {[%clk 00:47:50]} {[%emt 00:15:11]}
10. fxe5 {[%clk 01:07:53]} {[%emt 00:01:41]} Nxe5 {[%clk 00:48:04]} {[%emt
00:00:15]} 11. O-O {[%clk 01:07:18]} {[%emt 00:01:05]} g5 {[%clk 00:45:48]}
{[%emt 00:02:45]} 12. Nd5 {[%clk 01:06:30]} {[%emt 00:01:18]} Bg7 {[%clk
00:44:15]} {[%emt 00:02:03]} 13. Bxg5 {[%clk 00:59:21]} {[%emt 00:07:39]} Qxg5
{[%clk 00:42:27]} {[%emt 00:02:17]} 14. Nc7+ {[%clk 00:59:37]} {[%emt
00:00:16]} Ke7 {[%clk 00:42:01]} {[%emt 00:00:53]} 15. Nxa8 {[%clk 00:57:24]}
{[%emt 00:02:45]} Bg4 {[%clk 00:38:49]} {[%emt 00:03:42]} 16. Qc1 {[%clk
00:55:58]} {[%emt 00:01:57]} Qxc1 {[%clk 00:33:48]} {[%emt 00:05:30]} 17. Nxc1
{[%clk 00:56:18]} {[%emt 00:00:10]} Rxa8 {[%clk 00:32:22]} {[%emt 00:01:56]}
18. h3 {[%clk 00:55:53]} {[%emt 00:00:54]} Be6 {[%clk 00:30:12]} {[%emt
00:02:40]} 19. c3 {[%clk 00:55:39]} {[%emt 00:00:45]} Bh6 {[%clk 00:27:28]}
{[%emt 00:03:13]} 20. Re1 {[%clk 00:53:29]} {[%emt 00:02:41]} Bd2 {[%clk
00:21:57]} {[%emt 00:06:02]} 21. Re2 {[%clk 00:53:40]} {[%emt 00:00:19]} Bxc1
{[%clk 00:22:13]} {[%emt 00:00:13]} 22. Rxc1 {[%clk 00:53:58]} {[%emt
00:00:12]} Bxa2 {[%clk 00:22:20]} {[%emt 00:00:24]} 23. b4 {[%clk 00:52:13]}
{[%emt 00:02:15]} Bc4 {[%clk 00:21:53]} {[%emt 00:00:56]} 24. Rd2 {[%clk
00:52:12]} {[%emt 00:00:32]} Rc8 {[%emt 00:04:50]} 25. Rcd1 {[%clk 00:49:27]}
{[%emt 00:00:11]} Bb3 {[%clk 00:20:11]} {[%emt 00:00:56]} 26. Ra1 {[%clk
00:46:37]} {[%emt 00:03:20]} Rc7 {[%clk 00:20:03]} {[%emt 00:00:39]} 27. bxc5
{[%clk 00:44:57]} {[%emt 00:02:10]} dxc5 {[%clk 00:19:16]} {[%emt 00:01:18]}
28. Kf2 {[%clk 00:43:51]} {[%emt 00:01:36]} a5 {[%clk 00:17:13]} {[%emt
00:02:31]} 29. Rb2 {[%clk 00:40:52]} {[%emt 00:03:31]} Nd3+ {[%clk 00:14:27]}
{[%emt 00:03:16]} 30. Kg1 {[%clk 00:40:20]} {[%emt 00:01:02]} Nxb2 {[%clk
00:12:25]} {[%emt 00:02:32]} 31. Rb1 {[%clk 00:40:37]} {[%emt 00:00:13]} a4
{[%clk 00:12:04]} {[%emt 00:00:51]} 32. Rxb2 {[%clk 00:40:48]} {[%emt
00:00:19]} Rd7 {[%clk 00:12:08]} {[%emt 00:00:25]} 33. Kf2 {[%clk 00:40:55]}
{[%emt 00:00:23]} Rd3 {[%clk 00:12:01]} {[%emt 00:00:38]} 34. c4 {[%clk
00:39:40]} {[%emt 00:01:46]} Rd4 {[%clk 00:11:56]} {[%emt 00:00:35]} 35. Bf1
{[%clk 00:39:42]} {[%emt 00:00:28]} Rxe4 {[%clk 00:11:09]} {[%emt 00:01:17]}
36. Bd3 {[%clk 00:39:57]} {[%emt 00:00:15]} Rd4 {[%clk 00:10:40]} {[%emt
00:01:00]} 37. Bxh7 {[%clk 00:40:17]} {[%emt 00:00:09]} Rxc4 {[%clk 00:10:50]}
{[%emt 00:00:19]} 38. h4 {[%clk 00:40:11]} {[%emt 00:00:36]} Rd4 {[%clk
00:09:16]} {[%emt 00:02:04]} 39. Ke3 {[%clk 00:40:17]} {[%emt 00:00:24]} b5
{[%clk 00:07:00]} {[%emt 00:02:46]} 40. h5 {[%clk 00:40:31]} {[%emt 00:00:16]}
Kf8 {[%clk 00:06:25]} {[%emt 00:01:05]} 41. h6 {[%clk 00:40:49]} {[%emt
00:00:12]} Rd6 {[%clk 00:06:12]} {[%emt 00:00:43]} 42. Bd3 {[%clk 00:41:03]}
{[%emt 00:00:16]} c4 {[%clk 00:06:03]} {[%emt 00:00:39]} 43. Be2 {[%clk
00:40:58]} {[%emt 00:00:35]} Rxh6 {[%clk 00:06:17]} {[%emt 00:00:17]} 44. Rxb3
{[%clk 00:40:10]} {[%emt 00:01:17]} axb3 {[%clk 00:06:21]} {[%emt 00:00:26]}
45. Kd2 {[%clk 00:40:28]} {[%emt 00:00:12]} Rh2 {[%clk 00:06:41]} {[%emt
00:00:09]} 0-1

[Event "ODJM B 2025"]
[Site "Willingen GER"]
[Date "2025.06.08"]
[Round "1"]
[White "Matsarski, David"]
[Black "Subocz, Barbara"]
[Result "1-0"]
[Termination "normal"]
[Board "49"]
[WhiteElo "1723"]
[BlackElo "1559"]
[WhiteClock "00:36:07"]
[BlackClock "00:38:09"]
[PlyCount "99"]
[WhiteFideId "34663355"]
[BlackFideId "41805658"]
[EventCountry "GER"]
[EventRounds "9"]
[EventType "swiss"]
[EventDate "2025.06.07"]

1. e4 {[%clk 01:30:15]} {[%emt 00:00:44]} c5 {[%clk 01:30:53]} {[%emt
00:00:08]} 2. Nf3 {[%clk 01:30:16]} {[%emt 00:00:29]} Nc6 {[%clk 01:31:16]}
{[%emt 00:00:07]} 3. d4 {[%clk 01:30:10]} {[%emt 00:00:36]} cxd4 {[%clk
01:31:19]} {[%emt 00:00:27]} 4. Nxd4 {[%clk 01:30:17]} {[%emt 00:00:23]} g6
{[%clk 01:31:35]} {[%emt 00:00:13]} 5. c4 {[%clk 01:27:45]} {[%emt 00:03:02]}
Bg7 {[%clk 01:30:47]} {[%emt 00:01:18]} 6. Be3 {[%clk 01:26:53]} {[%emt
00:01:23]} Nf6 {[%clk 01:30:52]} {[%emt 00:00:25]} 7. Nc3 {[%clk 01:26:17]}
{[%emt 00:01:06]} O-O {[%clk 01:29:31]} {[%emt 00:01:51]} 8. Be2 {[%clk
01:25:54]} {[%emt 00:00:52]} d6 {[%clk 01:28:06]} {[%emt 00:01:55]} 9. O-O
{[%clk 01:24:51]} {[%emt 00:01:33]} Bd7 {[%clk 01:24:58]} {[%emt 00:03:39]} 10.
f3 {[%clk 01:16:54]} {[%emt 00:08:26]} Qb6 {[%clk 01:17:42]} {[%emt 00:07:47]}
11. Qd2 {[%clk 01:15:22]} {[%emt 00:02:01]} Nxe4 {[%clk 01:08:35]} {[%emt
00:09:37]} 12. fxe4 {[%clk 01:06:14]} {[%emt 00:09:38]} Bxd4 {[%clk 01:08:00]}
{[%emt 00:01:05]} 13. Rf3 {[%clk 01:03:36]} {[%emt 00:03:09]} Bxe3+ {[%clk
01:03:21]} {[%emt 00:05:08]} 14. Rxe3 {[%clk 01:03:52]} {[%emt 00:00:14]} Nd4
{[%clk 01:02:39]} {[%emt 00:01:12]} 15. Nd5 {[%clk 01:00:33]} {[%emt 00:03:48]}
Nxe2+ {[%clk 01:00:33]} {[%emt 00:02:36]} 16. Qxe2 {[%clk 01:00:51]} {[%emt
00:00:12]} Qd8 {[%clk 01:00:35]} {[%emt 00:00:30]} 17. Rf1 {[%clk 00:57:38]}
{[%emt 00:03:41]} f6 {[%clk 00:54:17]} {[%emt 00:06:49]} 18. Rg3 {[%clk
00:55:07]} {[%emt 00:03:00]} Rf7 {[%clk 00:50:29]} {[%emt 00:04:06]} 19. Qh5
{[%clk 00:50:52]} {[%emt 00:04:57]} Kh8 {[%clk 00:47:13]} {[%emt 00:03:48]} 20.
Rxg6 {[%clk 00:50:12]} Qa5 {[%clk 00:45:53]} {[%emt 00:02:59]} 21. Rh6 {[%clk
00:48:08]} {[%emt 00:02:34]} Rg7 {[%clk 00:43:44]} {[%emt 00:02:39]} 22. Nxf6
{[%clk 00:47:47]} {[%emt 00:00:51]} Qxh5 {[%clk 00:40:25]} 23. Nxh5 {[%clk
00:47:58]} {[%emt 00:04:08]} Rg6 {[%clk 00:38:42]} {[%emt 00:02:13]} 24. Rxg6
{[%clk 00:47:57]} {[%emt 00:00:31]} hxg6 {[%clk 00:38:57]} {[%emt 00:00:16]}
25. Nf4 {[%clk 00:48:19]} {[%emt 00:00:07]} Kg7 {[%clk 00:38:57]} {[%emt
00:00:28]} 26. Rf3 {[%clk 00:48:08]} {[%emt 00:00:43]} Rf8 {[%clk 00:38:49]}
{[%emt 00:00:39]} 27. h3 {[%clk 00:45:46]} {[%emt 00:02:51]} a5 {[%clk
00:37:16]} {[%emt 00:02:04]} 28. Kf2 {[%clk 00:42:49]} {[%emt 00:03:25]} Kh6
{[%clk 00:36:49]} {[%emt 00:00:58]} 29. Ke3 {[%clk 00:39:13]} {[%emt 00:04:06]}
g5 {[%clk 00:36:53]} {[%emt 00:00:27]} 30. Nd5 {[%clk 00:39:16]} {[%emt
00:00:27]} Rxf3+ {[%clk 00:36:59]} {[%emt 00:00:24]} 31. Kxf3 {[%clk 00:39:36]}
{[%emt 00:00:09]} e6 {[%clk 00:37:17]} {[%emt 00:00:13]} 32. Nb6 {[%clk
00:36:47]} {[%emt 00:03:18]} Bc6 {[%clk 00:37:04]} {[%emt 00:00:44]} 33. Ke3
{[%clk 00:33:25]} {[%emt 00:03:51]} Kh5 {[%clk 00:36:46]} {[%emt 00:00:49]} 34.
g3 {[%clk 00:33:47]} {[%emt 00:00:07]} Kg6 {[%clk 00:35:58]} {[%emt 00:01:18]}
35. Nc8 {[%clk 00:32:38]} {[%emt 00:01:39]} d5 {[%clk 00:35:39]} {[%emt
00:00:50]} 36. cxd5 {[%clk 00:32:34]} {[%emt 00:00:34]} exd5 {[%clk 00:34:53]}
{[%emt 00:01:15]} 37. Ne7+ {[%clk 00:32:10]} {[%emt 00:00:54]} Kf7 {[%clk
00:34:46]} {[%emt 00:00:35]} 38. Nxc6 {[%clk 00:32:18]} {[%emt 00:00:25]} bxc6
{[%clk 00:35:05]} {[%emt 00:00:11]} 39. exd5 {[%clk 00:32:40]} {[%emt
00:00:07]} cxd5 {[%clk 00:35:24]} {[%emt 00:00:11]} 40. Kd4 {[%clk 00:33:03]}
{[%emt 00:00:07]} Ke6 {[%clk 00:35:28]} {[%emt 00:00:27]} 41. h4 {[%clk
00:33:09]} {[%emt 00:00:23]} g4 {[%clk 00:35:49]} {[%emt 00:00:09]} 42. h5
{[%clk 00:33:28]} {[%emt 00:00:11]} Kf6 {[%clk 00:36:08]} {[%emt 00:00:12]} 43.
h6 {[%clk 00:33:46]} {[%emt 00:00:10]} Kg6 {[%clk 00:36:35]} {[%emt 00:00:05]}
44. h7 {[%clk 00:34:07]} {[%emt 00:00:09]} Kxh7 {[%clk 00:36:59]} {[%emt
00:00:06]} 45. Kxd5 {[%clk 00:34:32]} {[%emt 00:00:05]} Kg6 {[%clk 00:37:15]}
{[%emt 00:00:14]} 46. Ke5 {[%clk 00:34:51]} {[%emt 00:00:10]} Kf7 {[%clk
00:37:06]} {[%emt 00:00:40]} 47. Kf5 {[%clk 00:35:04]} {[%emt 00:00:15]} Ke7
{[%clk 00:37:30]} {[%emt 00:00:07]} 48. Kxg4 {[%clk 00:35:18]} {[%emt
00:00:16]} Kd6 {[%clk 00:37:51]} {[%emt 00:00:09]} 49. Kf5 {[%clk 00:35:43]}
{[%emt 00:00:05]} Kd5 {[%clk 00:38:09]} {[%emt 00:00:13]} 50. g4 {[%clk
00:36:07]} {[%emt 00:00:05]} 1-0

[Event "ODJM B 2025"]
[Site "Willingen GER"]
[Date "2025.06.08"]
[Round "1"]
[White "von Gehlen, Samuel"]
[Black "Er, Sadik Bugra"]
[Result "1/2-1/2"]
[Termination "normal"]
[Board "50"]
[WhiteElo "1533"]
[BlackElo "1728"]
[WhiteClock "00:30:37"]
[BlackClock "00:00:59"]
[PlyCount "169"]
[WhiteFideId "34651551"]
[BlackFideId "34660410"]
[EventCountry "GER"]
[EventRounds "9"]
[EventType "swiss"]
[EventDate "2025.06.07"]

1. e4 {[%clk 01:30:59]} c5 {[%clk 01:30:55]} {[%emt 00:00:06]} 2. Nf3 {[%clk
01:31:21]} {[%emt 00:00:08]} e6 {[%clk 01:31:22]} {[%emt 00:00:03]} 3. c3
{[%clk 01:31:40]} {[%emt 00:00:11]} d5 {[%clk 01:31:22]} {[%emt 00:00:30]} 4.
e5 {[%clk 01:31:53]} {[%emt 00:00:17]} Nc6 {[%clk 01:29:42]} {[%emt 00:02:09]}
5. d4 {[%clk 01:32:02]} {[%emt 00:00:21]} Bd7 {[%clk 01:30:05]} {[%emt
00:00:08]} 6. Bf4 {[%clk 01:30:39]} {[%emt 00:01:53]} cxd4 {[%clk 01:25:09]}
{[%emt 00:05:27]} 7. cxd4 {[%clk 01:30:58]} {[%emt 00:00:10]} Qb6 {[%clk
01:24:58]} {[%emt 00:00:41]} 8. Qd2 {[%clk 01:27:30]} {[%emt 00:03:57]} Nge7
{[%clk 01:21:38]} {[%emt 00:03:50]} 9. Nc3 {[%clk 01:26:23]} {[%emt 00:01:37]}
Nf5 {[%clk 01:15:50]} {[%emt 00:06:18]} 10. Be3 {[%clk 01:24:51]} {[%emt
00:02:01]} a6 {[%emt 00:04:20]} 11. Be2 {[%clk 01:24:02]} {[%emt 00:01:01]} Rc8
{[%clk 01:12:03]} {[%emt 00:00:44]} 12. O-O {[%clk 01:23:50]} {[%emt 00:00:43]}
Be7 {[%clk 01:11:42]} {[%emt 00:00:50]} 13. Rac1 {[%clk 01:21:34]} {[%emt
00:02:46]} O-O {[%clk 01:11:16]} {[%emt 00:00:55]} 14. Bd3 {[%clk 01:22:01]}
{[%emt 00:00:05]} Nxe3 {[%clk 01:07:21]} {[%emt 00:04:25]} 15. fxe3 {[%clk
01:21:50]} {[%emt 00:00:40]} Rfd8 {[%clk 00:59:33]} {[%emt 00:08:18]} 16. a3
{[%clk 01:19:52]} {[%emt 00:02:27]} Na5 {[%clk 00:57:59]} {[%emt 00:02:06]} 17.
Qc2 {[%clk 01:07:43]} {[%emt 00:12:38]} g6 {[%clk 00:52:29]} {[%emt 00:06:00]}
18. Na4 {[%clk 01:05:29]} {[%emt 00:02:44]} Rxc2 {[%clk 00:46:27]} {[%emt
00:06:33]} 19. Nxb6 {[%clk 01:05:46]} {[%emt 00:00:11]} Rxb2 {[%clk 00:46:28]}
{[%emt 00:00:31]} 20. Nxd7 {[%clk 01:04:31]} {[%emt 00:01:43]} Rxd7 {[%clk
00:46:39]} {[%emt 00:00:20]} 21. Rc8+ {[%clk 00:59:33]} {[%emt 00:05:28]} Kg7
{[%clk 00:43:58]} {[%emt 00:03:11]} 22. a4 {[%clk 00:59:20]} {[%emt 00:00:44]}
Ra2 {[%clk 00:40:01]} {[%emt 00:04:26]} 23. Bc2 {[%clk 00:58:34]} {[%emt
00:01:15]} Nc4 {[%clk 00:29:40]} {[%emt 00:10:53]} 24. Bb3 {[%clk 00:57:16]}
{[%emt 00:01:47]} Ra3 {[%clk 00:29:41]} {[%emt 00:00:29]} 25. Bxc4 {[%clk
00:56:47]} {[%emt 00:00:59]} dxc4 {[%clk 00:30:07]} {[%emt 00:00:05]} 26. Rxc4
{[%clk 00:56:07]} {[%emt 00:01:10]} b5 {[%clk 00:26:18]} {[%emt 00:04:19]} 27.
axb5 {[%clk 00:52:42]} {[%emt 00:03:54]} axb5 {[%clk 00:25:21]} {[%emt
00:01:27]} 28. Rc6 {[%clk 00:51:08]} {[%emt 00:02:04]} Rxe3 {[%clk 00:25:19]}
{[%emt 00:00:33]} 29. Rb1 {[%clk 00:50:12]} {[%emt 00:01:24]} b4 {[%clk
00:25:44]} {[%emt 00:00:07]} 30. Kf2 {[%clk 00:49:58]} {[%emt 00:00:42]} Rc3
{[%clk 00:25:52]} {[%emt 00:00:21]} 31. Rxc3 {[%clk 00:47:42]} {[%emt
00:02:48]} bxc3 {[%clk 00:26:19]} {[%emt 00:00:04]} 32. Ke3 {[%clk 00:45:39]}
{[%emt 00:02:32]} Ba3 {[%clk 00:23:23]} {[%emt 00:03:26]} 33. Kd3 {[%clk
00:43:29]} {[%emt 00:02:39]} Bb2 {[%clk 00:22:43]} {[%emt 00:01:10]} 34. Kc2
{[%clk 00:43:19]} {[%emt 00:00:40]} f6 {[%clk 00:16:08]} {[%emt 00:07:06]} 35.
Re1 {[%clk 00:41:14]} {[%emt 00:02:35]} fxe5 {[%clk 00:13:36]} {[%emt
00:03:03]} 36. Rxe5 {[%clk 00:40:19]} {[%emt 00:01:24]} Kf6 {[%clk 00:12:52]}
{[%emt 00:01:14]} 37. g4 {[%clk 00:37:07]} {[%emt 00:03:41]} h6 {[%clk
00:12:16]} {[%emt 00:01:07]} 38. h4 {[%clk 00:37:20]} {[%emt 00:00:17]} Ra7
{[%clk 00:06:21]} {[%emt 00:06:23]} 39. Re1 {[%clk 00:33:57]} {[%emt 00:03:55]}
Ra5 {[%clk 00:03:24]} {[%emt 00:03:27]} 40. Ne5 {[%clk 00:31:09]} {[%emt
00:03:18]} Rd5 {[%clk 00:00:35]} {[%emt 00:03:19]} 41. Rf1+ {[%clk 00:30:49]}
{[%emt 00:00:50]} Kg7 {[%clk 00:22:54]} {[%emt 00:08:11]} 42. Rf7+ {[%clk
01:00:09]} {[%emt 00:01:10]} Kg8 {[%clk 00:19:28]} {[%emt 00:03:56]} 43. Rf4
{[%clk 00:59:12]} {[%emt 00:01:25]} g5 {[%clk 00:17:42]} {[%emt 00:02:19]} 44.
hxg5 {[%clk 00:59:00]} {[%emt 00:00:41]} hxg5 {[%clk 00:18:09]} {[%emt
00:00:03]} 45. Re4 {[%clk 00:58:51]} {[%emt 00:00:37]} Kg7 {[%clk 00:17:17]}
{[%emt 00:01:24]} 46. Nd3 {[%clk 00:57:52]} {[%emt 00:01:29]} Kf6 {[%clk
00:14:27]} {[%emt 00:03:20]} 47. Nc5 {[%clk 00:54:18]} {[%emt 00:04:04]} Rd6
{[%clk 00:12:33]} {[%emt 00:02:23]} 48. Na4 {[%clk 00:53:18]} {[%emt 00:01:30]}
Rd7 {[%clk 00:08:23]} {[%emt 00:04:40]} 49. Nxc3 {[%clk 00:51:32]} {[%emt
00:02:17]} Bxc3 {[%clk 00:07:30]} {[%emt 00:01:24]} 50. Kxc3 {[%clk 00:51:54]}
{[%emt 00:00:07]} Rd5 {[%clk 00:07:30]} {[%emt 00:00:29]} 51. Kd3 {[%clk
00:50:12]} {[%emt 00:02:12]} Ra5 {[%clk 00:06:42]} {[%emt 00:01:19]} 52. Re3
{[%clk 00:49:10]} {[%emt 00:01:31]} Rd5 {[%clk 00:05:24]} {[%emt 00:01:48]} 53.
Rf3+ {[%clk 00:49:11]} {[%emt 00:00:30]} Kg6 {[%clk 00:05:26]} {[%emt
00:00:26]} 54. Ke4 {[%clk 00:48:48]} {[%emt 00:00:55]} Ra5 {[%clk 00:05:31]}
{[%emt 00:00:26]} 55. Rd3 {[%clk 00:47:55]} {[%emt 00:01:22]} Ra1 {[%clk
00:05:31]} {[%emt 00:00:31]} 56. d5 {[%clk 00:47:07]} {[%emt 00:01:18]} exd5+
{[%clk 00:05:48]} {[%emt 00:00:13]} 57. Rxd5 {[%clk 00:47:14]} {[%emt
00:00:23]} Rf1 {[%clk 00:05:16]} {[%emt 00:01:01]} 58. Rd6+ {[%clk 00:46:21]}
{[%emt 00:01:24]} Kf7 {[%clk 00:05:13]} {[%emt 00:00:31]} 59. Rd7+ {[%clk
00:44:25]} {[%emt 00:02:27]} Ke6 {[%clk 00:05:12]} {[%emt 00:00:29]} 60. Rd2
{[%clk 00:41:39]} {[%emt 00:03:19]} Rf4+ {[%clk 00:05:32]} {[%emt 00:00:10]}
61. Ke3 {[%clk 00:40:42]} {[%emt 00:01:23]} Rxg4 {[%clk 00:05:51]} {[%emt
00:00:15]} 62. Kf2 {[%clk 00:39:49]} {[%emt 00:01:18]} Ke5 {[%clk 00:05:19]}
{[%emt 00:01:05]} 63. Ra2 {[%clk 00:37:55]} {[%emt 00:02:25]} Re4 {[%clk
00:03:56]} {[%emt 00:01:54]} 64. Kf3 {[%clk 00:36:33]} {[%emt 00:01:48]} Kf5
{[%clk 00:03:13]} {[%emt 00:01:16]} 65. Ra5+ {[%clk 00:36:45]} {[%emt
00:00:18]} Re5 {[%clk 00:03:32]} {[%emt 00:00:12]} 66. Ra1 {[%clk 00:36:37]}
{[%emt 00:00:38]} g4+ {[%clk 00:03:37]} {[%emt 00:00:24]} 67. Kg2 {[%clk
00:36:37]} {[%emt 00:00:29]} Re3 {[%clk 00:01:17]} {[%emt 00:02:52]} 68. Rf1+
{[%clk 00:36:31]} {[%emt 00:00:36]} Ke4 {[%clk 00:00:55]} {[%emt 00:00:51]} 69.
Kg1 {[%clk 00:36:30]} {[%emt 00:00:32]} Rf3 {[%clk 00:00:56]} {[%emt 00:00:29]}
70. Re1+ {[%clk 00:36:41]} {[%emt 00:00:19]} Kf4 {[%clk 00:01:08]} {[%emt
00:00:18]} 71. Kg2 {[%clk 00:35:47]} {[%emt 00:01:25]} Rg3+ {[%clk 00:01:24]}
{[%emt 00:00:13]} 72. Kf2 {[%clk 00:35:28]} {[%emt 00:00:50]} Rf3+ {[%clk
00:01:19]} {[%emt 00:00:34]} 73. Kg2 {[%clk 00:35:03]} {[%emt 00:00:55]} g3
{[%clk 00:01:30]} {[%emt 00:00:19]} 74. Re2 {[%clk 00:34:27]} {[%emt 00:01:06]}
Kg4 {[%clk 00:00:57]} {[%emt 00:01:01]} 75. Re4+ {[%clk 00:34:24]} {[%emt
00:00:35]} Rf4 {[%clk 00:01:23]} {[%emt 00:00:04]} 76. Re2 {[%clk 00:34:22]}
{[%emt 00:00:32]} Rb4 {[%clk 00:00:50]} {[%emt 00:01:02]} 77. Rd2 {[%clk
00:33:15]} {[%emt 00:01:38]} Rb3 {[%clk 00:00:58]} {[%emt 00:00:22]} 78. Ra2
{[%clk 00:31:24]} {[%emt 00:02:21]} Rf3 {[%clk 00:00:56]} {[%emt 00:00:32]} 79.
Rb2 {[%clk 00:31:30]} {[%emt 00:00:23]} Re3 {[%clk 00:00:43]} {[%emt 00:00:45]}
80. Rb4+ {[%clk 00:31:15]} {[%emt 00:00:45]} Kf5 {[%clk 00:00:51]} {[%emt
00:00:22]} 81. Rb5+ {[%clk 00:31:27]} {[%emt 00:00:16]} Ke4 {[%clk 00:00:41]}
{[%emt 00:00:36]} 82. Rb4+ {[%clk 00:31:31]} {[%emt 00:00:32]} Kf5 {[%clk
00:00:54]} {[%emt 00:00:17]} 83. Rb5+ {[%clk 00:30:26]} {[%emt 00:01:35]} Ke4
{[%clk 00:00:52]} {[%emt 00:00:31]} 84. Rb4+ {[%clk 00:30:35]} {[%emt
00:00:20]} Kd3 {[%clk 00:00:59]} {[%emt 00:00:24]} 85. Rb3+ {[%clk 00:30:37]}
{[%emt 00:00:28]} 1/2-1/2